000 00774cam a22002531 4500
001 15003
003 BD-RjUL
005 20211208235730.0
008 140209s1967 nyuab b 001 0 eng
035 _a(BD-RjUL)15057
035 _a(OCoLC)187287
040 _aDLC
_cOAkU
_dOCoLC
_dDLC
_dBD-RjUL
_beng
041 _aeng
082 0 0 _a658
_bGRB 1967
100 1 _aGreenwood, William T.,
_946690
245 1 0 _aBusiness policy :
_bA management audit approach /
_cby William T. Greenwood.
260 _aNew York :
_bMacmillan,
_cc1967.
300 _axiv, 656 p. :
_billus., maps. ;
_c24 cm.
504 _aIncludes bibliographical references and index.
650 0 _aManagement audit
_vCase studies.
_946691
942 _2ddc
_cBK
999 _c15003
_d15003